Govt. of
Madhya Pradesh

Painting Furniture (Record no. 40135)

MARC details
000 -LEADER
fixed length control field 004540000a22001690004500
003 - CONTROL NUMBER IDENTIFIER
control field MACL
005 - DATE AND TIME OF LATEST TRANSACTION
control field 20151222170447.0
008 - FIXED-LENGTH DATA ELEMENTS--GENERAL INFORMATION
fixed length control field 151222b xxu||||| |||| 00| 0 eng d
040 ## - CATALOGING SOURCE
Original cataloging agency MACL
Transcribing agency MACL
041 ## - LANGUAGE CODE
Language code of text/sound track or separate title English
082 ## - DEWEY DECIMAL CLASSIFICATION NUMBER
Classification number 749/FIS
100 ## - MAIN ENTRY--PERSONAL NAME
Personal name Fisher, Rosie
9 (RLIN) 22259
245 ## - TITLE STATEMENT
Title Painting Furniture
Remainder of title A Practical Guide
260 ## - PUBLICATION, DISTRIBUTION, ETC. (IMPRINT)
Name of publisher, distributor, etc. Little Brown and Company
Date of publication, distribution, etc. 1994
Place of publication, distribution, etc. Italy
650 ## - SUBJECT ADDED ENTRY--TOPICAL TERM
Topical term or geographic name as entry element Furniture & Accessories
9 (RLIN) 21465
942 ## - ADDED ENTRY ELEMENTS (KOHA)
Koha item type Books
Call number prefix 749/FIS
Source of classification or shelving scheme
Holdings
Withdrawn status Lost status Source of classification or shelving scheme Damaged status Not for loan Home library Current library Date acquired Total Checkouts Full call number Barcode Date last seen Uniform Resource Identifier Price effective from Koha item type
          MACL MACL 15/04/2015   749/FIS RBKS RB0003129 29/04/2015 40380 15/04/2015 Books